| 000 | 01669nam a2200373Ia 4500 | ||
|---|---|---|---|
| 001 | ebr10408242 | ||
| 003 | CaPaEBR | ||
| 006 | m u | ||
| 007 | cr cn||||||||| | ||
| 008 | 990114s1999 alua sb s001 0beng d | ||
| 010 | _z 99006033 | ||
| 020 | _z9780817309688 | ||
| 020 | _z0817309683 (alk. paper) | ||
| 040 |
_aCaPaEBR _cCaPaEBR |
||
| 035 | _a(OCoLC)631024565 | ||
| 050 | 1 | 4 |
_aF334.B69 _bN448 1999eb |
| 082 | 0 | 4 |
_a305.8/960730761781 _221 |
| 100 | 1 | _aManis, Andrew Michael. | |
| 245 | 1 | 2 |
_aA fire you can't put out _h[electronic resource] : _bthe civil rights life of Birmingham's Reverend Fred Shuttlesworth / _cAndrew M. Manis. |
| 260 |
_aTuscaloosa : _bUniversity of Alabama Press, _cc1999. |
||
| 300 |
_axxxii, 541 p., [12] p. : _bill. |
||
| 490 | 1 | _aReligion and American culture | |
| 504 | _aIncludes bibliographical references (p. [507]-523) and index. | ||
| 533 |
_aElectronic reproduction. _bPalo Alto, Calif. : _cebrary, _d2013. _nAvailable via World Wide Web. _nAccess may be limited to ebrary affiliated libraries. |
||
| 600 | 1 | 0 |
_aShuttlesworth, Fred L., _d1922-2011. |
| 650 | 0 |
_aCivil rights movements _zAlabama _zBirmingham _xHistory _y20th century. |
|
| 650 | 0 |
_aAfrican Americans _xCivil rights _zAlabama _zBirmingham _xHistory _y20th century. |
|
| 650 | 0 |
_aCivil rights workers _zAlabama _zBirmingham _vBiography. |
|
| 651 | 0 |
_aBirmingham (Ala.) _xRace relations. |
|
| 655 | 7 |
_aElectronic books. _2local |
|
| 710 | 2 | _aebrary, Inc. | |
| 830 | 0 | _aReligion and American culture (Tuscaloosa, Ala.) | |
| 856 | 4 | 0 |
_uhttp://site.ebrary.com/lib/rucke/Doc?id=10408242 _zAn electronic book accessible through the World Wide Web; click to view |
| 999 |
_c79772 _d79772 |
||